Statistics for Asian Countries by First 2 Letters in 90 Seconds

Click here to take the quiz!

General Stats

  • This quiz has been taken 298 times
  • The average score is 45 of 48

Answers on the Map

Answers color-coded by a green-red scale on the quiz's map according to % correct below.
 

Answer Stats

country% Correct
China
100%
India
99%
Indonesia
99%
Iran
98%
Iraq
98%
Kazakhstan
98%
Mongolia
98%
North Korea
98%
Pakistan
98%
Saudi Arabia
98%
South Korea
98%
Turkey
98%
Turkmenistan
98%
Bahrain
97%
Bangladesh
97%
Japan
97%
Nepal
97%
Oman
97%
Malaysia
96%
Maldives
96%
Myanmar
96%
Taiwan
96%
Tajikistan
96%
Yemen
96%
Afghanistan
95%
Azerbaijan
95%
Cambodia
95%
Vietnam
95%
Armenia
94%
Bhutan
94%
Georgia
94%
Israel
94%
Laos
94%
Philippines
94%
Thailand
94%
Uzbekistan
94%
Qatar
93%
Jordan
92%
Kyrgyzstan
92%
Sri Lanka
92%
Syria
92%
Kuwait
91%
United Arab
Emirates
91%
Lebanon
89%
Cyprus
88%
East Timor
84%
Brunei
79%
Singapore
78%

Score Distribution

Percentile by Number Answered

Percent of People with Each Score

Your Score History

You have not taken this quiz